000
00288nam a22001097a 4500
008
130930b xxu||||| |||| 00| 0 eng d
020
_c
Available
050
_a
519.5WIL
_b
002556
082
_2
4th Ed
245
_a
Applied Statistics
_c
Wasserman William
260
_a
New Jersey
_b
Prentice-Hall
_c
1993
999
_c
23429
_d
23429